Visual C++ .NET: A Primer for C++ Developers / (Record no. 119682)

MARC details
000 -LEADER
fixed length control field 00493pam a2200145 a 4500
020 ## - INTERNATIONAL STANDARD BOOK NUMBER
Terms of availability
041 ## - LANGUAGE CODE
Language code of original
082 ## - DEWEY DECIMAL CLASSIFICATION NUMBER
Classification number 005.133
Item number COR
245 ## - TITLE STATEMENT
Title Visual C++ .NET: A Primer for C++ Developers /
Statement of responsibility, etc. NULL.
Medium Textual Documents
260 ## - PUBLICATION, DISTRIBUTION, ETC.
Place of publication, distribution, etc. Navi Mumbai :
Name of publisher, distributor, etc. Shroff Publishers & Distributors Pvt. Ltd. ,
Date of publication, distribution, etc. 2002.
300 ## - PHYSICAL DESCRIPTION
Extent 878 ;
Dimensions 24*18.
653 ## - INDEX TERM--UNCONTROLLED
Uncontrolled term Programming Languages (A To Z)
700 ## - ADDED ENTRY--PERSONAL NAME
Personal name Fraser, Stephen.
-- Gentile, Sam.
-- Kumar, Niranjan.
-- Mclean, Scott.
-- Robinson, Simon.
930 ## - EQUIVALENCE OR CROSS-REFERENCE-UNIFORM TITLE HEADING [LOCAL, CANADA]
Uniform title 179
Holdings
Withdrawn status Lost status Damaged status Not for loan Collection Home library Current library Date acquired Source of acquisition Cost, normal purchase price Total Checkouts Full call number Barcode Date last seen Copy number Price effective from Koha item type
          Institute of Management & Entrepreneurship Development, Pune Institute of Management & Entrepreneurship Development, Pune 11/09/2005 Predeep Book Depot 350.00   005.133 COR IMP-M-3759 01/03/2023 1 01/03/2023 Book
          Institute of Management & Entrepreneurship Development, Pune Institute of Management & Entrepreneurship Development, Pune 11/09/2005 Predeep Book Depot 350.00   005.133 COR IMP-M-3758 01/03/2023 2 01/03/2023 Book